000
00311nam a22001337a 4500
008
170127b xxu||||| |||| 00| 0 eng d
020
_a
9780131000674
041
_a
eng
080
_2
4TH
_a
61
100
_a
3
101
_a
SHM
245
_a
THE ECONOMICS OF HEALTH AND HEALTH CARE
_c
FOLLAND, SH
942
_2
udc
_c
BK
999
_c
3922
_d
3922